000 00479nam a2200181Ia 4500
001 13380
005 20260306164757.0
008 260306t2007||||xx |||||||||||||| ||spa||
041 _aESP
082 _a003.3
_bG368
100 _aGould, Harvey
_eAUT
245 3 _aAn introduction to computer simulation methods:
_bapplication to physical systems
260 _c2007
300 _axviii, 796 páginas :
_c23 cm.
650 _aGEN
654 _aCCC
942 _cLIB
_dJUS
_fJUS
_2ddc
_n
999 _c13380
_d13380